000 00841cam a22002653a 4500
001 33197
003 PGUSA
005 20140828083722.0
008 100718s2010||||xxu|||||s|||||000 | eng d
040 _aPGUSA
_beng
042 _adc
050 4 _aPA
100 1 _aDoederlein, Ludwig von,
_d1791-1863
245 1 0 _aDöderlein's Hand-book of Latin Synonymes
_h[electronic resource] /
_cLudwig von Doederlein
260 _bProject Gutenberg,
_c2010
506 _aPublic domain in the USA.
516 _aElectronic text
653 _aLatin language -- Synonyms and antonyms
700 1 _aArnold, Henry Hamilton
700 1 _aTaylor, Samuel H.
_q(Samuel Harvey),
_d1807-1871
740 0 _aDöderlein's Hand-book of Latin Synonyms
830 0 _aProject Gutenberg
_v33197
856 4 0 _uhttp://www.gutenberg.org/ebooks/33197
942 _cEB
999 _c262452
_d262452